[Event "Bohumin op 3rd"]
[Site "Bohumin"]
[Date "2020.07.24"]
[Round "7"]
[White "Petrov, Nikolaj"]
[Black "Pilch, Roman"]
[Result "0-1"]
[WhiteElo "1743"]
[BlackElo "2168"]
[PlyCount "112"]
[EventDate "2020.07.18"]
[EventType "swiss"]
[EventRounds "9"]
[EventCountry "CZE"]
[SourceTitle "CBM 197 Extra"]
[Source "ChessBase"]
[SourceDate "2020.09.30"]
[SourceVersion "1"]
[SourceVersionDate "2020.09.30"]
[SourceQuality "1"]

1. d4 Nf6 2. Nf3 c5 3. c3 b6 4. g3 Bb7 5. Bg2 g6 6. 0-0 Bg7 7. Re1 d6 8. Nbd2 Nc6 9. e4 cxd4 10. Nxd4 Rc8 11. Nxc6 Bxc6 12. Nb3 0-0 13. Nd4 Ba8 14. Bg5 h6 15. Be3 Qc7 16. f3 Rfd8 17. Qd2 Kh7 18. Rad1 a6 19. Bh3 Rb8 20. Qe2 Bb7 21. Nc2 b5 22. Qf2 Nd7 23. Nb4 e6 24. Nc2 Ba8 25. Bf4 Ne5 26. Be3 Nc4 27. Bc1 Qb6 28. Nd4 Qc5 29. Bf1 Rbc8 30. Nb3 Qxf2+ 31. Kxf2 d5 32. Nd2 Nxd2 33. Rxd2 dxe4 34. fxe4 Bf8 35. Rxd8 Rxd8 36. Bg2 Bc5+ 37. Be3 Rd2+ 38. Re2 Bxe3+ 39. Kxe3 Rxe2+ 40. Kxe2 f5 41. Ke3 e5 42. b3 Kg7 43. c4 bxc4 44. bxc4 Kf6 45. c5 Bc6 46. Bf1 Bxe4 47. Bxa6 Bc6 48. Bc4 g5 49. Bb3 f4+ 50. Kf2 e4 51. a4 Ke5 52. a5 Kd4 53. a6 e3+ 54. Kf1 f3 55. a7 Bb5+ 56. Kg1 f2+ 0-1

[Event "Orlova op 14th"]
[Site "Orlova"]
[Date "2017.05.22"]
[Round "3"]
[White "Targosz, Jiri"]
[Black "Petrov, Nikolaj"]
[Result "0-1"]
[WhiteElo "1479"]
[BlackElo "1798"]
[PlyCount "68"]
[EventDate "2017.05.20"]
[EventType "swiss"]
[EventRounds "9"]
[EventCountry "CZE"]
[SourceTitle "CBM 178 Extra"]
[Source "ChessBase"]
[SourceDate "2017.06.22"]
[SourceVersion "1"]
[SourceVersionDate "2017.06.22"]
[SourceQuality "1"]

1. e4 Nf6 2. Nc3 d5 3. exd5 Nxd5 4. Nxd5 Qxd5 5. d4 Nc6 6. Be3 g6 7. c4 Qa5+ 8. Bd2 Qf5 9. Nf3 Bg7 10. Bc3 0-0 11. Qd3 Qd7 12. Be2 b6 13. 0-0-0 a5 14. a4 Bb7 15. Rhe1 Nb4 16. Bxb4 axb4 17. b3 Qg4 18. Rg1 Rad8 19. h3 Qf4+ 20. Qe3 Qf6 21. Qe5 Bxf3 22. Qxf6 Bxf6 23. Bxf3 Bxd4 24. Rd2 Bc5 25. Rgd1 Bd6 26. Bc6 Bf4 27. Kc2 Rxd2+ 28. Rxd2 Bxd2 29. Kxd2 Rd8+ 30. Ke3 Rd1 31. Be4 Kg7 32. f4 Rc1 33. Kd2 Rc3 34. Bc2 Rg3 0-1

[Event "Orlova op 14th"]
[Site "Orlova"]
[Date "2017.05.21"]
[Round "2"]
[White "Petrov, Nikolaj"]
[Black "Kolar, Stanislav"]
[Result "0-1"]
[WhiteElo "1798"]
[BlackElo "2108"]
[PlyCount "136"]
[EventDate "2017.05.20"]
[EventType "swiss"]
[EventRounds "9"]
[EventCountry "CZE"]
[SourceTitle "CBM 178 Extra"]
[Source "ChessBase"]
[SourceDate "2017.06.22"]
[SourceVersion "1"]
[SourceVersionDate "2017.06.22"]
[SourceQuality "1"]

1. c4 e5 2. Nc3 Nf6 3. g3 Nc6 4. Bg2 Bc5 5. d3 d6 6. Nf3 0-0 7. 0-0 h6 8. Na4 e4 9. Ne1 exd3 10. Nxd3 Bb6 11. Nxb6 axb6 12. b3 Re8 13. h3 Qe7 14. e3 Ne5 15. Bb2 c6 16. Nxe5 dxe5 17. Qc2 e4 18. a4 Bf5 19. Rad1 Nd7 20. Qc3 f6 21. Qc2 Rad8 22. Rd2 Nc5 23. Rxd8 Qxd8 24. Rd1 Nd3 25. Bc3 Re7 26. Qe2 Qe8 27. Kh2 h5 28. Bd4 c5 29. Bc3 Kh7 30. Bf1 Kh6 31. Rd2 Rd7 32. Qd1 Nxf2 33. Qe2 Nd3 34. Qg2 Ne1 35. Qf2 Nf3+ 36. Kh1 Rxd2 37. Bxd2 Qd7 38. Bc3 Bxh3 39. Be2 Bg4 40. Kg2 Qd6 41. Qf1 g5 42. Qd1 Qxd1 43. Bxd1 Kg6 44. Bxf3 Bxf3+ 45. Kf2 Bd1 46. a5 bxa5 47. Bxa5 Bxb3 48. Bb6 Bxc4 49. Bxc5 b5 50. Bb4 Be6 51. Bc5 Kf5 52. Bb4 Kg4 53. Bc3 f5 54. Bb4 Bb3 55. Bd6 Bd1 56. Ke1 Bf3 57. Kf2 h4 58. gxh4 gxh4 59. Kg1 h3 60. Kh2 Bg2 61. Bb4 Kf3 62. Bc5 b4 63. Bxb4 Kxe3 64. Kg1 f4 65. Be1 Ke2 66. Bh4 e3 67. Kh2 f3 68. Kg1 f2+ 0-1

[Event "Karvina op"]
[Site "Karvina"]
[Date "2016.07.08"]
[Round "7"]
[White "Petrov, Nikolaj"]
[Black "Sobek, Jaroslav"]
[Result "0-1"]
[WhiteElo "1816"]
[BlackElo "2233"]
[PlyCount "58"]
[EventDate "2016.07.02"]
[EventType "swiss"]
[EventRounds "9"]
[EventCountry "CZE"]
[SourceTitle "EXT 2017"]
[Source "ChessBase"]
[SourceDate "2016.10.25"]
[SourceVersion "1"]
[SourceVersionDate "2016.10.25"]
[SourceQuality "1"]

1. Nf3 Nf6 2. c4 g6 3. Nc3 Bg7 4. e4 d6 5. g3 0-0 6. Bg2 c6 7. 0-0 Qa5 8. Qc2 Qh5 9. Ne2 e5 10. d4 Bg4 11. Qd3 Nbd7 12. Re1 Rfe8 13. Kh1 exd4 14. Nf4 Qc5 15. Nd2 Qb6 16. Rb1 d5 17. f3 dxe4 18. fxe4 Nc5 19. Qc2 Rad8 20. Nd3 Nfd7 21. b4 Nxd3 22. Qxd3 Ne5 23. Qb3 Be6 24. Bb2 Bh6 25. Qc2 Qxb4 26. Nb3 Nxc4 27. Nxd4 Nxb2 28. Nxe6 Rd2 29. Rxb2 Qxb2 0-1

[Event "Orlova op 13th"]
[Site "Orlova"]
[Date "2016.05.28"]
[Round "8"]
[White "Petrov, Nikolaj"]
[Black "Pacl, Vaclav"]
[Result "0-1"]
[WhiteElo "1792"]
[BlackElo "2127"]
[PlyCount "71"]
[EventDate "2016.05.21"]
[EventType "swiss"]
[EventRounds "9"]
[EventCountry "CZE"]
[SourceTitle "EXT 2017"]
[Source "ChessBase"]
[SourceDate "2016.10.25"]
[SourceVersion "1"]
[SourceVersionDate "2016.10.25"]
[SourceQuality "1"]

1. c4 e5 2. Nc3 Nf6 3. e4 d6 4. Nf3 Nbd7 5. d4 Be7 6. Be2 c6 7. 0-0 0-0 8. b3 a6 9. Bb2 Re8 10. Qc2 Bf8 11. Rad1 Qc7 12. h3 g6 13. Ba3 Qa5 14. Bc1 Bg7 15. a4 exd4 16. Rxd4 Nc5 17. Ba3 Qc7 18. Bxc5 dxc5 19. Rdd1 Nh5 20. Nh2 Nf4 21. Bf3 h5 22. Rfe1 Qe7 23. Nf1 Qf6 24. Ne2 Nxh3+ 25. gxh3 Qxf3 26. Rd3 Qxe4 27. Nfg3 Qh4 28. Qd2 Bxh3 29. Re3 Red8 30. Qc2 Bg4 31. Nf4 Qg5 32. Ng2 Bd4 33. Re7 Bf3 34. R7e3 Bxg2 35. Kxg2 h4 36. Rf3 0-1

[Event "Orlova op 13th"]
[Site "Orlova"]
[Date "2016.05.23"]
[Round "3"]
[White "Galuszka, Tomasz"]
[Black "Petrov, Nikolaj"]
[Result "1-0"]
[WhiteElo "1586"]
[BlackElo "1792"]
[PlyCount "32"]
[EventDate "2016.05.21"]
[EventType "swiss"]
[EventRounds "9"]
[EventCountry "CZE"]
[SourceTitle "EXT 2017"]
[Source "ChessBase"]
[SourceDate "2016.10.25"]
[SourceVersion "1"]
[SourceVersionDate "2016.10.25"]
[SourceQuality "1"]

1. e4 d5 2. exd5 Nf6 3. Bb5+ Bd7 4. Bc4 b5 5. Bb3 Bg4 6. f3 Bf5 7. Nc3 b4 8. Nb5 Nbd7 9. Nd4 Bg6 10. Nc6 Qc8 11. Nxb4 e6 12. Nc6 Nc5 13. dxe6 Nxb3 14. exf7+ Bxf7 15. Qe2+ Be6 16. axb3 Bc5 1-0

[Event "Karvina op"]
[Site "Karvina"]
[Date "2015.07.02"]
[Round "6"]
[White "Petrov, Nikolaj"]
[Black "Stehlik, Jiri1111"]
[Result "0-1"]
[WhiteElo "1728"]
[BlackElo "1970"]
[PlyCount "156"]
[EventDate "2015.06.27"]
[EventType "swiss"]
[EventRounds "9"]
[EventCountry "CZE"]
[SourceTitle "CBM 167 Extra"]
[Source "ChessBase"]
[SourceDate "2015.09.14"]
[SourceVersion "1"]
[SourceVersionDate "2015.09.14"]
[SourceQuality "1"]

1. c4 c5 2. Nc3 Nf6 3. e4 Nc6 4. Nf3 g6 5. d4 cxd4 6. Nxd4 Nxd4 7. Qxd4 d6 8. Be2 Bg7 9. 0-0 0-0 10. Qd3 Be6 11. Be3 Nd7 12. b3 Nc5 13. Qc2 Bxc3 14. Qxc3 Nxe4 15. Qb4 Qc7 16. Rac1 a5 17. Qa3 f5 18. Qb2 f4 19. Bd4 Bf5 20. f3 Nc5 21. Qd2 e5 22. Bc3 b6 23. g4 Be6 24. Bd1 Rad8 25. Qe2 Bc8 26. Bc2 Bb7 27. a3 Rfe8 28. b4 axb4 29. axb4 Ne6 30. Be4 Rc8 31. Rfd1 Red8 32. Bb2 Qe7 33. Rd2 Bxe4 34. Qxe4 Ng5 35. Qd3 Qe6 36. h4 Nf7 37. Re2 Rc7 38. Qe4 Rdc8 39. Qxf4 Rxc4 40. Qd2 Rxc1+ 41. Bxc1 b5 42. Kg2 Qb3 43. Re3 Qc2 44. Re1 Qxd2+ 45. Bxd2 Rc4 46. Kf2 Kg7 47. Ke3 Kf6 48. Ra1 Rc7 49. Ra5 Rb7 50. Ra6 Ke7 51. Ke4 d5+ 52. Kd3 Nd6 53. Ra8 Rc7 54. Bg5+ Ke6 55. Ra6 Rf7 56. Ke2 d4 57. Rc6 Ra7 58. Bh6 Kd7 59. Rc5 Rc7 60. Rxe5 Nf7 61. Rd5+ Ke6 62. Bf4 Rc4 63. Rc5 Rxc5 64. bxc5 Kd5 65. c6 Kxc6 66. Kd3 Kd5 67. Bc1 Ne5+ 68. Ke2 b4 69. h5 b3 70. hxg6 hxg6 71. Bb2 Nc4 72. Bc1 g5 73. f4 gxf4 74. g5 b2 75. Bxb2 Nxb2 76. g6 Ke6 77. g7 Kf7 78. Kf3 d3 0-1

[Event "Orlova op-A 12th"]
[Site "Orlova"]
[Date "2015.05.27"]
[Round "4"]
[White "Lojek, Marek"]
[Black "Petrov, Nikolaj"]
[Result "1-0"]
[WhiteElo "1932"]
[BlackElo "1717"]
[PlyCount "163"]
[EventDate "2015.05.24"]
[EventType "swiss"]
[EventRounds "9"]
[EventCountry "CZE"]
[SourceTitle "CBM 166 Extra"]
[Source "ChessBase"]
[SourceDate "2015.06.18"]
[SourceVersion "1"]
[SourceVersionDate "2015.06.18"]
[SourceQuality "1"]

1. b3 Nf6 2. Bb2 c5 3. f4 d5 4. e3 Nc6 5. Nf3 Bf5 6. Bb5 a6 7. Bxc6+ bxc6 8. Ne5 Qc7 9. d3 Nd7 10. Qd2 f6 11. Nxd7 Qxd7 12. Qc3 e6 13. Nd2 Bd6 14. Nf3 a5 15. a4 c4 16. Ba3 Bxa3 17. Rxa3 cxd3 18. cxd3 0-0 19. 0-0 Qa7 20. Nd4 Rfc8 21. Rc1 Qa6 22. Nxf5 exf5 23. d4 Rc7 24. Qd2 Rb8 25. Rc5 Rb4 26. Qc2 Qb6 27. Rc3 g6 28. Ra1 Qa6 29. Rc1 Rb6 30. Kf2 Qb7 31. Ke2 Kg7 32. Kd2 Qc8 33. Qd3 Re7 34. Rc5 Qb7 35. Kc2 Qa8 36. Kb2 Re6 37. h3 h5 38. Qc3 Ra6 39. g3 Kf7 40. Qd3 Rb6 41. Rh1 Qe8 42. Rc3 Rb7 43. Kc2 Qe7 44. Kd2 Qa3 45. Qc2 Qb4 46. Qd3 Rbe7 47. Re1 Qa3 48. Rc5 Qb4+ 49. Qc3 Qxc3+ 50. Rxc3 Rb7 51. Rec1 Rb6 52. Rd3 Ke7 53. Rc5 Ra6 54. b4 axb4 55. a5 Kd7 56. Kc2 Re8 57. Kb3 Rb8 58. Ka4 b3 59. Rxb3 Rxb3 60. Kxb3 Kc7 61. h4 Kd6 62. Ka4 Kc7 63. Rc3 Kd7 64. Rb3 Kc7 65. Rb2 Kc8 66. Rb6 Ra8 67. Rxc6+ Kb7 68. Rxf6 Re8 69. Kb5 Rxe3 70. Rxg6 Rb3+ 71. Kc5 Ra3 72. Rg7+ Ka6 73. Kxd5 Rxa5+ 74. Ke6 Kb5 75. d5 Kc5 76. d6 Ra6 77. Rc7+ Kb6 78. Rc3 Kb7 79. Ke7 Ra1 80. Re3 Rd1 81. d7 Kc7 82. d8Q+ 1-0

[Event "Karvina op"]
[Site "Karvina"]
[Date "2014.07.03"]
[Round "6"]
[White "Petrov, Nikolaj"]
[Black "Sramek, Vojtech"]
[Result "1-0"]
[WhiteElo "1748"]
[BlackElo "1607"]
[PlyCount "79"]
[EventDate "2014.06.28"]
[EventType "swiss"]
[EventRounds "9"]
[EventCountry "CZE"]
[SourceTitle "CBM 161 Extra"]
[Source "ChessBase"]
[SourceDate "2014.08.29"]
[SourceVersion "1"]
[SourceVersionDate "2014.08.29"]
[SourceQuality "1"]

1. c4 e5 2. Nc3 Nf6 3. e4 Nc6 4. Nf3 Bc5 5. a3 a6 6. b4 Ba7 7. Be2 d6 8. h3 Bd7 9. 0-0 0-0 10. d3 h6 11. Be3 Re8 12. Bxa7 Nxa7 13. Nd5 Nxd5 14. exd5 c6 15. dxc6 Bxc6 16. Nd2 d5 17. Re1 d4 18. Bf3 f6 19. Ne4 Nc8 20. Nc5 Qc7 21. Bg4 Nd6 22. Bh5 Nf7 23. Qg4 Qc8 24. Qg6 Nh8 25. Qg3 Re7 26. Bg4 Qe8 27. Bf5 b5 28. Ne4 Qf8 29. c5 Bd7 30. Nd6 Bxf5 31. Nxf5 Rc7 32. Nxh6+ Kh7 33. Nf5 Nf7 34. Nxd4 Qc8 35. Nf3 Rd7 36. Rad1 Qd8 37. Nh4 g5 38. Nf5 Rd4 39. Qf3 Kg6 40. Ne7+ 1-0

[Event "Orlova op-A 11th"]
[Site "Orlova"]
[Date "2014.05.30"]
[Round "5"]
[White "Ocko, Dominik"]
[Black "Petrov, Nikolaj"]
[Result "1/2-1/2"]
[WhiteElo "1471"]
[BlackElo "1784"]
[PlyCount "69"]
[EventDate "2014.05.26"]
[EventType "swiss"]
[EventRounds "9"]
[EventCountry "CZE"]
[SourceTitle "CBM 160 Extra"]
[Source "ChessBase"]
[SourceDate "2014.07.01"]
[SourceVersion "1"]
[SourceVersionDate "2014.07.01"]
[SourceQuality "1"]

1. e4 d6 2. d4 Nf6 3. Nc3 g6 4. Bc4 Bg7 5. Nf3 Bg4 6. h3 Bxf3 7. Qxf3 Nbd7 8. Be3 c6 9. 0-0 0-0 10. Rad1 Qc7 11. Rfe1 e5 12. d5 cxd5 13. Bxd5 Nxd5 14. Rxd5 Nf6 15. Rd2 a6 16. Red1 Rfd8 17. Bg5 Ne8 18. Nd5 Qd7 19. Bxd8 Rxd8 20. c4 Qa4 21. b3 Qa5 22. b4 Qa4 23. c5 Kf8 24. cxd6 Rxd6 25. a3 Bh6 26. Rd3 Kg7 27. Qg3 Re6 28. f4 exf4 29. Nxf4 Rxe4 30. Nh5+ Kf8 31. Qf3 Qc6 32. Ng3 Qb6+ 33. Kh1 Rf4 34. Qe3 Qc6 35. Rc3 1/2-1/2